Statistics for Islands by Country

Click here to take the quiz!

General Stats

  • This quiz has been taken 103 times
  • The average score is 14 of 15

Answer Stats

Island Country % Correct
IrelandIreland/United Kingdom
99%
GreenlandDenmark
99%
Great BritainUnited Kingdom
98%
CubaCuba
96%
HonshuJapan
95%
IcelandIceland
95%
TasmaniaAustralia
95%
MadagascarMadagascar
93%
Sri LankaSri Lanka
93%
New GuineaIndonesia/Papua New Guinea
92%
Baffin IslandCanada
90%
South IslandNew Zealand
90%
HispaniolaDominican Republic/Haiti
87%
LuzonPhilippines
84%
SakhalinRussia
71%

Score Distribution

Percentile by Number Answered

Percent of People with Each Score

Your Score History

You have not taken this quiz